000 00424nam a22001457a 4500
005 20250408063615.0
008 250408b |||||||| |||| 00| 0 eng d
082 _222
_a080
_bSHA
100 _aDemocratic Socialist Republic of Sri Lanka
245 _aShanth Akka
260 _aSri Lanka
_bDemocratic Socialist Republic of Sri Lanka
_c2015
300 _a122 p .,
500 _aMemory book of Shanthi Sachithanandam
942 _cL
999 _c6016
_d6016